Postmodernita jako prostor pro existenciálně citlivou sociální práci

Moderné teórie a princípy sociálnej práce. Individualizácia, nehodnotiaci postoj, rešpekt a právo na sebaurčenie, dôvera, akceptácia a vyjadrovanie pocitov, ako východiská pre vzťah sociálneho pracovníka a klienta. Zmeny v sociálnej práci.

Salvato in:
Dettagli Bibliografici
Autore principale: Navrátil, Pavel
Altri autori: Navrátilová, Jitka
Natura: Capitolo di libro
Lingua:ceco
Soggetti:
Tags: Aggiungi Tag
Nessun Tag, puoi essere il primo ad aggiungerne!!

MARC

LEADER 00000naa a2200000 4500
001 0201620
005 20220729110654.8
041 0 |a cze 
044 |a CZ 
245 1 0 |a Postmodernita jako prostor pro existenciálně citlivou sociální práci  |c Pavel Navrátil, Jitka Navrátilová 
520 |a Moderné teórie a princípy sociálnej práce. Individualizácia, nehodnotiaci postoj, rešpekt a právo na sebaurčenie, dôvera, akceptácia a vyjadrovanie pocitov, ako východiská pre vzťah sociálneho pracovníka a klienta. Zmeny v sociálnej práci. 
610 2 0 |a spoločnosť postmoderná 
610 2 0 |a potreby sociálne 
610 2 0 |a služby sociálne 
610 2 0 |a situácia sociálna 
610 2 0 |a práca sociálna 
610 2 0 |a pracovníci sociálni 
610 2 0 |a klienti 
100 1 |a Navrátil, Pavel 
700 1 |a Navrátilová, Jitka